Killing off the appeal culture (Record no. 71677)
[ view plain ]
| 000 -LEADER | |
|---|---|
| fixed length control field | 01056cam a2200229 4500 |
| 001 - CONTROL NUMBER | |
| control field | ABS66188 |
| 008 - FIXED-LENGTH DATA ELEMENTS--GENERAL INFORMATION | |
| fixed length control field | 021202n2002 000 0 eng u |
| 035 ## - SYSTEM CONTROL NUMBER | |
| System control number | (Sirsi) u120622 |
| 100 ## - MAIN ENTRY--PERSONAL NAME | |
| Personal name | Jansen, M |
| 245 ## - TITLE STATEMENT | |
| Title | Killing off the appeal culture |
| 260 ## - PUBLICATION, DISTRIBUTION, ETC. | |
| Date of publication, distribution, etc. | 2002 |
| 490 ## - SERIES STATEMENT | |
| Series statement | Property Week |
| Volume/sequential designation | 67 (42) 25 October 2002, 39-40(2) |
| 520 ## - SUMMARY, ETC. | |
| Summary, etc. | Examines the system of levying business rates in the context of new rating assessments for 1.7 million commercial premises in England and Wales which is coming into force in 2005 based on rental values as at April 2003. There is a consequent backlog of hundreds of thousands of appeals clogging up the system and the Valuation Office Agency wish for the process to become more efficient and lead to a reduction in the number of appeals lodged. |
| 590 ## - LOCAL NOTE (RLIN) | |
| Local note | ABS |
| 650 ## - SUBJECT ADDED ENTRY--TOPICAL TERM | |
| Topical term or geographic name entry element | BUSINESS RATES |
| 650 ## - SUBJECT ADDED ENTRY--TOPICAL TERM | |
| Topical term or geographic name entry element | VALUATION OFFICE AGENCY |
| 650 ## - SUBJECT ADDED ENTRY--TOPICAL TERM | |
| Topical term or geographic name entry element | RATING SURVEYORS |
| 650 ## - SUBJECT ADDED ENTRY--TOPICAL TERM | |
| Topical term or geographic name entry element | BUSINESS RATE APPEALS |
| 650 ## - SUBJECT ADDED ENTRY--TOPICAL TERM | |
| Topical term or geographic name entry element | LOCAL GOVERNMENT BILL |
| 690 ## - LOCAL SUBJECT ADDED ENTRY--TOPICAL TERM (OCLC, RLIN) | |
| Topical term or geographic name as entry element | PROPERTY-PROPERTY APPRAISAL AND VALUATION |
| 942 ## - ADDED ENTRY ELEMENTS (KOHA) | |
| Suppress in OPAC | 0 |
| Withdrawn status | Lost status | Source of classification or shelving scheme | Damaged status | Not for loan | Home library | Current library | Shelving location | Date acquired | Total Checkouts | Full call number | Barcode | Date last seen | Copy number | Price effective from | Koha item type |
|---|---|---|---|---|---|---|---|---|---|---|---|---|---|---|---|
| Dewey Decimal Classification | London | London | Journal article | 02/12/2002 | ABS66188 | 120622-1001 | 06/08/2019 | 1 | 06/08/2019 | Journal article |